Bieloruská republika

Atlas peňazí sveta. Charakteristika Bieloruskej republiky: štátne zriadenie, prírodné podmienky, hospodárstvo, menové informácie, história krajiny. História meny. Motívy bieloruských bankoviek.

Salvato in:
Dettagli Bibliografici
Autore principale: Schlosser, Gabriel
Natura: Capitolo di libro
Lingua:slovacco
Soggetti:
Tags: Aggiungi Tag
Nessun Tag, puoi essere il primo ad aggiungerne!!

MARC

LEADER 00000naa a2200000 4500
001 r034883
005 20221129101846.3
041 0 |a slo 
044 |a SK 
245 1 0 |a Bieloruská republika  |c Gabriel Schlosser 
520 |a Atlas peňazí sveta. Charakteristika Bieloruskej republiky: štátne zriadenie, prírodné podmienky, hospodárstvo, menové informácie, história krajiny. História meny. Motívy bieloruských bankoviek. 
610 2 0 |a mena 
610 2 0 |a Bielorusko 
610 2 0 |a štát 
610 2 0 |a podmienky prírodné 
610 2 0 |a hospodárstvo národné 
610 2 0 |a história 
610 2 0 |a peniaze 
610 2 0 |a bankovky 
610 2 0 |a rubeľ 
100 1 |a Schlosser, Gabriel